[Event "7e Festival de Vaujany 2016 -accession"]
[Site "Vaujany "]
[Date "2016.07.16"]
[Round "3.1"]
[White "Gamba, Killian"]
[Black "David, Dorian-Ciprian"]
[Result "1/2-1/2"]
[WhiteElo "1867"]
[BlackElo "1774"]
[PlyCount "130"]
[EventDate "2016.??.??"]
[WhiteTeam "Cluses - St Jeoire"]
[BlackTeam "Cavalier Noir les Herbiers Echecs"]

1. d4 b5 2. g3 Bb7 3. Nf3 e6 4. Bg2 Nf6 5. c3 c5 6. Bg5 h6 7. Bxf6 Qxf6 8. Nbd2
cxd4 9. cxd4 Bb4 10. O-O a6 11. Rc1 O-O 12. a3 Bxd2 13. Qxd2 Bd5 14. Rc3 Nc6
15. Rfc1 Rad8 16. Rd1 g5 17. Ne1 Bxg2 18. Nxg2 Ne7 19. e4 Rc8 20. Rdc1 Rxc3 21.
Rxc3 Rc8 22. Rxc8+ Nxc8 23. Ne3 Qf3 24. e5 Ne7 25. Qa5 Qa8 26. Qc7 Qe8 27. Qb7
Nc6 28. Ng4 Kg7 29. Nf6 Qd8 30. Qxd7 Qxd7 31. Nxd7 Nxd4 32. Nc5 Nf3+ 33. Kg2
Nxe5 34. Nxa6 Nc4 35. Nc7 Nxb2 36. Nxb5 e5 37. Kf3 f5 38. Ke3 Kf6 39. Kd2 f4
40. Kc2 Na4 41. Nc3 Nc5 42. a4 e4 43. a5 Ke5 44. Ne2 f3 45. Nc1 e3 46. a6 Nxa6
47. fxe3 Ke4 48. Kd2 Nc5 49. g4 Nd7 50. Nd3 Nf6 51. Nf2+ Ke5 52. Kd3 h5 53.
gxh5 Nxh5 54. Nh3 g4 55. Nf2 Nf6 56. e4 Kf4 57. Kd4 Nh5 58. Nd3+ Kg5 59. Ke3
Kh4 60. Nf2 g3 61. Kxf3 gxh2 62. Kg2 Kg5 63. Kxh2 Kf4 64. Kh3 Nf6 65. e5 Kxe5
1/2-1/2

[Event "7e Festival de Vaujany 2016 -accession"]
[Site "Vaujany "]
[Date "2016.07.16"]
[Round "3.3"]
[White "Roche, Yves"]
[Black "Sudomir, Jean-Denis"]
[Result "0-1"]
[WhiteElo "1828"]
[BlackElo "1770"]
[PlyCount "60"]
[EventDate "2016.??.??"]
[WhiteTeam "Echiquier Grenoblois"]
[BlackTeam "Cercle d'Echecs d'Evian"]

1. Nf3 Nf6 2. d4 c6 3. Bg5 d5 4. Bxf6 gxf6 5. c3 Bf5 6. e3 Nd7 7. Nh4 Bg6 8.
Nxg6 fxg6 9. Qb3 Qc7 10. Nd2 Bg7 11. h4 O-O-O 12. a4 e5 13. a5 f5 14. h5 f4 15.
Nf3 fxe3 16. fxe3 e4 17. Ng1 Qg3+ 18. Kd2 Bh6 19. c4 Qf2+ 20. Be2 dxc4 21. Qc3
Ne5 22. hxg6 hxg6 23. Rxh6 Rxh6 24. a6 b6 25. Rf1 Qxg2 26. Kc1 Rh1 27. dxe5
Rxg1 28. Rxg1 Qxg1+ 29. Kc2 b5 30. Qb4 Qf2 0-1

[Event "7e Festival de Vaujany 2016 -accession"]
[Site "Vaujany "]
[Date "2016.07.16"]
[Round "3.4"]
[White "Weisz, Jacques"]
[Black "Goyer, Lionel"]
[Result "0-1"]
[WhiteElo "1758"]
[BlackElo "1807"]
[PlyCount "48"]
[EventDate "2016.??.??"]
[WhiteTeam "Sporting Cheminot Pratique Omnisport"]
[BlackTeam "Cercle des Echecs de Vichy"]

1. d4 Nf6 2. c4 e6 3. Nc3 Bb4 4. Qc2 b6 5. a3 Bxc3+ 6. bxc3 Bb7 7. f3 h6 8. e4
O-O 9. Bd3 d6 10. Ne2 Nc6 11. O-O Na5 12. Rd1 Ba6 13. e5 Nd7 14. Qa4 Qe7 15. f4
Rad8 16. Be3 f6 17. Qb4 f5 18. Nc1 Nb8 19. d5 c5 20. Qa4 Bb7 21. Nb3 Nxb3 22.
Qxb3 dxe5 23. dxe6 Qxe6 24. Bxc5 Qc6 0-1

[Event "7e Festival de Vaujany 2016 -accession"]
[Site "Vaujany "]
[Date "2016.07.16"]
[Round "3.5"]
[White "Blanter, Sofya"]
[Black "Laronche, Thomas"]
[Result "0-1"]
[WhiteElo "1712"]
[BlackElo "1800"]
[PlyCount "94"]
[EventDate "2016.??.??"]
[BlackTeam "Echecs Club de Corbas"]

1. d4 b5 2. e4 Bb7 3. Nd2 a6 4. Ngf3 e6 5. Bd3 Nf6 6. O-O c5 7. c3 c4 8. Bc2 d5
9. exd5 Nxd5 10. Re1 Nd7 11. Ne4 Be7 12. Nfg5 N7f6 13. Nxf7 Kxf7 14. Ng5+ Kg8
15. Nxe6 Qb6 16. Nxg7 Qc6 17. f3 Bd6 18. Nf5 Kf8 19. Bh6+ Kf7 20. Be4 Bxh2+ 21.
Kxh2 Nxe4 22. fxe4 Qg6 23. Qf3 Nf6 24. Nd6+ Ke7 25. Nxb7 Qxh6+ 26. Kg1 Rhg8 27.
Kf2 Raf8 28. Ke2 Ng4 29. Qg3 Rf2+ 30. Qxf2 Nxf2 31. Kxf2 Qd2+ 32. Re2 Rxg2+ 33.
Kxg2 Qxe2+ 34. Kg3 Qe3+ 35. Kh2 Qxe4 36. Nc5 Qe2+ 37. Kg3 h5 38. Rh1 Qg4+ 39.
Kf2 h4 40. Rg1 Qf4+ 41. Kg2 Qg3+ 42. Kf1 Qf3+ 43. Ke1 Qe3+ 44. Kf1 h3 45. Rg7+
Kf8 46. Rb7 Qf3+ 47. Ke1 Qxb7 0-1

[Event "7e Festival de Vaujany 2016 -accession"]
[Site "Vaujany "]
[Date "2016.07.16"]
[Round "4.1"]
[White "Goyer, Lionel"]
[Black "Terwagne, Bertrand"]
[Result "1-0"]
[WhiteElo "1807"]
[BlackElo "1780"]
[PlyCount "91"]
[EventDate "2016.??.??"]
[WhiteTeam "Cercle des Echecs de Vichy"]

1. d4 d5 2. Nf3 Nf6 3. Bg5 e6 4. e3 c5 5. Nbd2 Nc6 6. c3 h6 7. Bh4 g5 8. Bg3
Bd6 9. Ne5 Qc7 10. Qa4 c4 11. Be2 Bd7 12. Nxd7 Qxd7 13. Bxd6 Qxd6 14. b3 cxb3
15. axb3 O-O 16. O-O a6 17. Qa2 e5 18. Qb1 exd4 (18... Rac8) 19. cxd4 Rfe8 20.
Bd3 Qb4 (20... Rac8) 21. Rd1 Qd6 22. Bf1 Ne4 23. Nxe4 Rxe4 24. g3 Kg7 25. Bg2
Ree8 26. Qf5 Ne7 27. Qe5+ Qxe5 28. dxe5 Red8 29. Rac1 Rac8 30. Kf1 b6 31. Ke2
a5 32. f4 Rc5 33. g4 gxf4 34. exf4 Ng6 35. Ke3 Rxc1 36. Rxc1 d4+ 37. Ke4 d3 38.
Bf3 d2 39. Rd1 Nf8 40. Ke3 Ne6 41. Be4 Rd4 42. f5 Rxe4+ 43. Kxe4 Nc5+ 44. Kd4
Nxb3+ 45. Kc3 a4 46. h4 1-0

[Event "7e Festival de Vaujany 2016 -accession"]
[Site "Vaujany "]
[Date "2016.07.16"]
[Round "4.2"]
[White "Laronche, Thomas"]
[Black "Biot, Thomas"]
[Result "1-0"]
[WhiteElo "1800"]
[BlackElo "1773"]
[PlyCount "65"]
[EventDate "2016.??.??"]
[WhiteTeam "Echecs Club de Corbas"]

1. b4 Nf6 2. Bb2 e5 3. a3 d6 4. e3 Be6 5. Nf3 Nbd7 6. d4 e4 7. Nfd2 d5 8. c4
Nb6 9. Nc3 dxc4 10. Qc2 Nfd5 11. Ncxe4 Qh4 12. g3 Qh6 13. Nxc4 Nxc4 14. Bxc4 f5
15. Nc5 Bxc5 16. dxc5 O-O-O 17. O-O-O c6 18. Kb1 b5 19. cxb6 axb6 20. Be5 Kb7
21. Rc1 Rhe8 22. Bd4 Ra8 23. Qb3 b5 24. Rhd1 bxc4 25. Qxc4 Ne7 26. Qc5 Rxa3 27.
Qb6+ Ka8 28. Rc5 Rb8 29. Ra5+ Rxa5 30. Qxa5+ Kb7 31. Qa7+ Kc8 32. Qxe7 Bd5 33.
Be5 1-0

[Event "7e Festival de Vaujany 2016 -accession"]
[Site "Vaujany "]
[Date "2016.07.16"]
[Round "4.3"]
[White "Sudomir, Jean-Denis"]
[Black "Gamba, Killian"]
[Result "0-1"]
[WhiteElo "1770"]
[BlackElo "1867"]
[PlyCount "75"]
[EventDate "2016.??.??"]
[WhiteTeam "Cercle d'Echecs d'Evian"]
[BlackTeam "Cluses - St Jeoire"]

1. g3 d5 2. Bg2 Nf6 3. Nf3 c5 4. c4 e6 5. O-O Nc6 6. b3 d4 7. d3 Bd6 8. Bg5 h6
9. Bxf6 Qxf6 10. Nbd2 O-O 11. e4 e5 12. a3 Rb8 13. Qc2 Be6 14. Rab1 Qd8 15. Nh4
g6 16. Qc1 Kg7 17. Ndf3 b5 18. cxb5 Rxb5 19. b4 Qd7 20. bxc5 Rxc5 21. Qd2 Rc3
22. Ne1 Qc7 23. Nhf3 Rxa3 24. Nc2 Ra2 25. Ra1 Rb2 26. Rfb1 Rfb8 27. Qc1 Qb7 28.
Rxb2 Qxb2 29. Qxb2 Rxb2 30. Nfe1 a5 31. h4 Bb3 32. Rc1 Nb4 33. Nxb4 Bxb4 34.
Nf3 a4 35. Nxe5 a3 36. Nc4 Bxc4 37. dxc4 a2 38. Ra1 0-1

[Event "7e Festival de Vaujany 2016 -accession"]
[Site "Vaujany "]
[Date "2016.07.16"]
[Round "4.4"]
[White "Billotti, Romain"]
[Black "Berger, Konogan"]
[Result "1/2-1/2"]
[WhiteElo "1828"]
[BlackElo "1800"]
[PlyCount "121"]
[EventDate "2016.??.??"]
[WhiteTeam "Club d'Echecs de l'Agglomeration Chamberienne"]
[BlackTeam "A.E.A.A. "]

1. d4 Nf6 2. c4 e6 3. Nf3 d5 4. e3 Nbd7 5. Be2 b6 6. O-O Bd6 7. b3 O-O 8. Bb2
Bb7 9. Nbd2 Ne4 10. a3 a5 11. Qc2 f5 12. Ne5 Qe7 13. f4 Rf6 14. Nxe4 dxe4 15.
Nxd7 Qxd7 16. c5 Bf8 17. Rac1 Bd5 18. cxb6 cxb6 19. Bc4 Rc8 20. Qe2 Rc7 21. Bb5
Qd8 22. Rxc7 Qxc7 23. Rc1 Qd6 24. Rc3 Rf7 25. Qc2 Re7 26. Rc8 Bb7 27. Rc3 Bd5
28. Qc1 g6 29. Bc6 Kf7 30. h3 Kf6 31. Bxd5 Qxd5 32. Rc6 Rb7 33. Qc4 Qxc4 34.
bxc4 Kf7 35. a4 Bb4 36. Kf2 Ke7 37. Ke2 Kd7 38. d5 exd5 39. cxd5 Bc5 40. Rf6
Ke7 41. Re6+ Kf7 42. Rf6+ Ke7 43. g4 Rd7 44. gxf5 Rxd5 45. fxg6 hxg6 46. Rxg6
Rd3 47. Bc1 Rc3 48. Rg1 Rc2+ 49. Bd2 Bb4 50. Rd1 Ra2 51. Ke1 Bc5 (51... Rxa4
52. Bxb4+ Rxb4) 52. Rc1 Rxa4 53. Rc2 Ra3 54. Rc4 Ra1+ 55. Ke2 Rh1 56. Rxe4+ Kf7
57. Rc4 Rxh3 58. e4 Rh2+ 59. Kd3 Rh3+ 60. Ke2 Rh2+ 61. Kd3 1/2-1/2

[Event "7e Festival de Vaujany 2016 -accession"]
[Site "Vaujany "]
[Date "2016.07.16"]
[Round "4.5"]
[White "Stamboulian, Brice"]
[Black "Sabatier, Mathis"]
[Result "0-1"]
[WhiteElo "1820"]
[BlackElo "1779"]
[PlyCount "64"]
[EventDate "2016.??.??"]
[WhiteTeam "Echiquier Grenoblois"]
[BlackTeam "Echecs Club de Corbas"]

1. d4 d5 2. Nc3 Nf6 3. Bg5 e6 4. e4 dxe4 5. Nxe4 Be7 6. Bxf6 Bxf6 7. Nf3 O-O 8.
c3 b6 9. Bd3 Bb7 10. O-O Nd7 11. Qe2 Be7 12. Rad1 Nf6 13. Rfe1 Nd5 14. Bb1 Qc8
15. Neg5 h6 16. Qc2 Nf6 17. Nh7 Rd8 18. Ne5 (18. Nxf6+ Bxf6 19. Ne5) 18... c5
19. Nxf7 Kxf7 20. Qg6+ Kg8 21. Re3 cxd4 22. Rg3 Ne8 23. cxd4 Rxd4 24. Re1 Qd7
25. Bc2 Rc8 26. Nf6+ Bxf6 27. Qh7+ Kf8 28. Qh8+ Kf7 29. Bf5 Rd1 30. Rge3 Rxe1+
31. Rxe1 Nd6 32. Qh7 Nxf5 0-1

[Event "7e Festival de Vaujany 2016 -accession"]
[Site "Vaujany "]
[Date "2016.07.16"]
[Round "4.6"]
[White "David, Dorian-Ciprian"]
[Black "Dubois, Herve"]
[Result "0-1"]
[WhiteElo "1774"]
[BlackElo "1863"]
[PlyCount "66"]
[EventDate "2016.??.??"]
[WhiteTeam "Cavalier Noir les Herbiers Echecs"]
[BlackTeam "Genas Echecs"]

1. b4 e5 2. a3 d5 3. Bb2 Nd7 4. e3 Ngf6 5. Nf3 Bd6 6. c4 c6 7. Qc2 Qe7 8. Nc3
O-O 9. cxd5 cxd5 10. Nb5 e4 11. Nxd6 Qxd6 12. Nd4 Nb6 13. Nb5 Qd8 14. Nc7 Rb8
15. Be5 Bf5 16. Rc1 Ng4 17. Bg3 Qe7 18. Qc5 Qf6 19. Nxd5 Nxd5 20. Bxb8 Rxb8 21.
Qxd5 Be6 22. Qd6 Qxf2+ 23. Kd1 Bb3+ 24. Rc2 Rc8 25. Bc4 Nxe3+ 26. Kc1 Nxc4 27.
Qd7 Rf8 28. Rc3 Ne5 29. Qxb7 Nd3+ 30. Kb1 Qxg2 31. Rhc1 Qxd2 32. Rxb3 Qxc1+ 33.
Ka2 Qc2+ 0-1

[Event "7e Festival de Vaujany 2016 -accession"]
[Site "Vaujany "]
[Date "2016.07.16"]
[Round "4.7"]
[White "Joachim, Rodny"]
[Black "Mathieu, Phileas"]
[Result "1/2-1/2"]
[WhiteElo "1726"]
[BlackElo "1881"]
[PlyCount "113"]
[EventDate "2016.??.??"]
[WhiteTeam "Arsenal"]
[BlackTeam "Echecs Club Oullins"]

1. e4 e6 2. d4 d5 3. exd5 exd5 4. c4 Nf6 5. Nc3 Be7 6. Nf3 O-O 7. Bd3 Be6 8.
Qb3 dxc4 9. Bxc4 Bxc4 10. Qxc4 Nbd7 11. O-O Nb6 12. Qb3 Nfd5 13. Bd2 c6 14.
Rac1 Bf6 15. Rfe1 h6 16. a4 a5 17. Nxd5 Nxd5 18. Qxb7 Rb8 19. Qxc6 Rxb2 20. Rc5
Nb4 21. Bxb4 Rxb4 22. d5 Qa8 23. Qxa8 Rxa8 24. d6 Rxa4 25. d7 Rd8 26. Rc8 Kh7
27. Rxd8 Bxd8 28. Rd1 Rb4 29. Ne5 Rb8 30. Nxf7 a4 31. Nxd8 Rxd8 32. g3 a3 33.
Ra1 Rxd7 34. Rxa3 Rd6 35. Kg2 g5 36. Ra4 Kg6 37. h4 Rf6 38. hxg5 hxg5 39. f3
Rb6 $11 40. Ra8 Rb4 41. Re8 Kf5 42. g4+ Kg6 43. Re6+ Kf7 44. Ra6 Kg7 45. Kf2
Rb3 46. Re6 Kf7 47. Re3 Rb2+ 48. Kg3 Rb4 49. Re1 Ra4 50. Rf1 Ra3 51. Kg2 Ra2+
52. Rf2 Ra4 53. Kf1 Kf6 54. Rd2 Ke5 55. Kf2 Kf4 56. Re2 Rc4 57. Kg2 1/2-1/2

[Event "7e Festival de Vaujany 2016 -accession"]
[Site "Vaujany "]
[Date "2016.07.16"]
[Round "5.1"]
[White "Laronche, Thomas"]
[Black "Goyer, Lionel"]
[Result "1-0"]
[WhiteElo "1800"]
[BlackElo "1807"]
[PlyCount "93"]
[EventDate "2016.??.??"]
[WhiteTeam "Echecs Club de Corbas"]
[BlackTeam "Cercle des Echecs de Vichy"]

1. a3 Nf6 2. e3 d5 3. b4 Bf5 4. Bb2 Nbd7 5. c4 c6 6. Nf3 e6 7. c5 Be7 8. Ne5
O-O 9. Be2 h6 10. d3 Nxe5 11. Bxe5 Nd7 12. Bb2 Qc7 13. Bg4 Bxg4 14. Qxg4 Ne5
15. Bxe5 Qxe5 16. d4 Qc7 17. Nc3 Bf6 18. f4 b6 19. O-O bxc5 20. bxc5 Qa5 21.
Ne2 Be7 22. Rf3 f5 23. Qh5 Rf6 24. Kf2 Rb8 25. g4 fxg4 26. Qxg4 Qd8 27. Rg1 Bf8
28. Kg2 Kh7 29. Kh1 Rb3 30. Ng3 Rg6 31. Qh5 Qb8 32. f5 Rg5 33. Qf7 exf5 34.
Rxf5 Rxf5 35. Nxf5 Rb7 36. Qg6+ Kh8 37. Nxh6 Re7 38. Ng4 Qe8 39. Qg5 Re6 40.
Qh4+ Kg8 41. Rf1 Qg6 42. Ne5 Qe8 43. Rf5 Be7 44. Qg3 Qb8 45. Qg4 Qb1+ 46. Kg2
Qe1 47. Rf1 1-0

[Event "7e Festival de Vaujany 2016 -accession"]
[Site "Vaujany "]
[Date "2016.07.16"]
[Round "5.2"]
[White "Gamba, Killian"]
[Black "Sabatier, Mathis"]
[Result "1-0"]
[WhiteElo "1867"]
[BlackElo "1779"]
[PlyCount "91"]
[EventDate "2016.??.??"]
[WhiteTeam "Cluses - St Jeoire"]
[BlackTeam "Echecs Club de Corbas"]

1. d4 d5 2. c4 dxc4 3. Nc3 e5 4. d5 c6 5. e4 b5 6. dxc6 Qxd1+ (6... Bb4 7.
Qxd8+ Kxd8 8. Bg5+ f6 9. O-O-O+ $16) 7. Kxd1 Nxc6 8. Nxb5 Bg4+ 9. f3 O-O-O+ 10.
Ke1 Bb4+ 11. Kf2 Be6 12. Be3 a6 13. Nc3 Nge7 14. Rc1 f5 15. Nd5 Bxd5 16. exd5
Nxd5 17. Rxc4 Kb7 18. Ne2 Na5 19. Rc2 Rc8 20. Nc3 Nxc3 21. bxc3 Bxc3 22. Bd3 g6
23. Rb1+ Ka8 24. Rbc1 f4 25. Be4+ Nb7 26. Bb6 Bd4+ 27. Bxd4 Rxc2+ 28. Rxc2 exd4
29. Rc7 Rb8 30. Rxh7 d3 31. Ke1 g5 32. Kd2 Ka7 33. Bxb7 Rxb7 34. Rxb7+ Kxb7 35.
Kxd3 Kb6 36. g3 fxg3 37. hxg3 Kb5 38. f4 gxf4 39. gxf4 Kb4 40. f5 Kc5 41. Kc3
Kd5 42. Kb4 Ke5 43. Ka5 Kxf5 44. Kxa6 Ke4 45. a4 Kd4 46. Kb6 1-0

[Event "7e Festival de Vaujany 2016 -accession"]
[Site "Vaujany "]
[Date "2016.07.16"]
[Round "5.3"]
[White "Dubois, Herve"]
[Black "Sudomir, Jean-Denis"]
[Result "1-0"]
[WhiteElo "1863"]
[BlackElo "1770"]
[PlyCount "90"]
[EventDate "2016.??.??"]
[WhiteTeam "Genas Echecs"]
[BlackTeam "Cercle d'Echecs d'Evian"]

1. c4 c6 2. Nf3 Nf6 3. g3 d5 4. Bg2 g6 5. b3 Bg7 6. Bb2 O-O 7. O-O Nbd7 8. d3
Re8 9. cxd5 Nxd5 10. Bxg7 Kxg7 11. Qd2 e5 12. Nc3 f5 13. e4 Nxc3 14. Qxc3 fxe4
15. dxe4 Qf6 16. Rad1 Nf8 17. Rd2 Bg4 18. Rfd1 Rad8 19. Rxd8 Rxd8 20. Rxd8 Qxd8
21. Qxe5+ Qf6 22. Qxf6+ Kxf6 23. h3 Bd7 24. Kf1 a6 25. Ke2 b6 26. Ke3 c5 27. h4
a5 28. Nd2 a4 29. f4 axb3 30. axb3 Be6 31. e5+ Ke7 32. Be4 Kf7 33. Nc4 Ke7 34.
Bd3 b5 35. Nd6 Bxb3 36. Bxb5 Ne6 37. Bd3 Nf8 38. Ke4 Ne6 39. Bc4 Ba4 40. Nc8+
Kf7 41. Kd5 Bd7 42. Nb6 Ke7 43. Nxd7 Kxd7 44. Bd3 Nf8 45. Kxc5 Ke6 1-0

[Event "7e Festival de Vaujany 2016 -accession"]
[Site "Vaujany "]
[Date "2016.07.16"]
[Round "5.4"]
[White "Biot, Thomas"]
[Black "Billotti, Romain"]
[Result "0-1"]
[WhiteElo "1773"]
[BlackElo "1828"]
[PlyCount "78"]
[EventDate "2016.??.??"]
[BlackTeam "Club d'Echecs de l'Agglomeration Chamberienne"]

1. e4 c5 2. Nf3 Nc6 3. a3 e6 4. b4 cxb4 5. axb4 Bxb4 6. c3 Be7 7. Na3 Nf6 8. e5
Ne4 9. Qc2 Ng5 10. Nxg5 Bxg5 11. Nc4 O-O 12. Ba3 Be7 13. d4 Bxa3 14. Rxa3 b6
15. Bd3 h6 16. O-O Bb7 17. Nd6 Qc7 18. f4 f5 19. Qa2 Ne7 20. Be2 Bc6 21. Ba6
Nd5 22. c4 Nb4 23. Qb3 Nxa6 24. Rxa6 Bb7 25. Ra3 Be4 26. Qg3 Kh7 27. Qh3 Qd8
28. Rg3 g6 29. Ra1 a5 30. Raa3 Qe7 31. Rge3 g5 32. Qh5 gxf4 33. Rh3 Qg7 34.
Rag3 fxg3 35. Rxg3 a4 36. Rxg7+ Kxg7 37. g4 Bf3 38. h3 a3 39. Qh4 a2 0-1

[Event "7e Festival de Vaujany 2016 -accession"]
[Site "Vaujany "]
[Date "2016.07.16"]
[Round "5.5"]
[White "Roche, Yves"]
[Black "Virag, Balint"]
[Result "1-0"]
[WhiteElo "1828"]
[BlackElo "1762"]
[PlyCount "81"]
[EventDate "2016.??.??"]
[WhiteTeam "Echiquier Grenoblois"]

1. d4 Nf6 2. Nf3 g6 3. h3 Bg7 4. Bf4 d6 5. e3 O-O 6. Be2 Re8 7. c3 Bf5 8. Nbd2
Nc6 9. O-O e5 10. Bh2 e4 11. Ne1 Bh6 12. a4 a5 13. Nc2 Nd5 14. Nc4 Qd7 15. N2a3
Nd8 16. Nb5 Be6 17. Nxc7 Nxc7 18. Nxd6 Rf8 19. Nxe4 f5 20. Nc5 Qe7 21. c4 Na6
22. Nxe6 Nxe6 23. Bf3 Rfd8 24. Qb3 Nb4 25. c5 Kh8 26. Be5+ Bg7 27. Bxg7+ Nxg7
28. Rac1 Rac8 29. Qc4 b6 30. c6 Qe6 31. Qb5 Rd6 32. Qxb6 Nxc6 33. d5 Ne7 34.
Qb7 Qd7 35. Rxc8+ Nxc8 36. Qb8 Rb6 37. Qa8 Ne8 38. Qxa5 Ned6 39. Rc1 Kg8 40. b4
Nb7 41. Rxc8+ 1-0

[Event "7e Festival de Vaujany 2016 -accession"]
[Site "Vaujany "]
[Date "2016.07.16"]
[Round "6.1"]
[White "Gamba, Killian"]
[Black "Laronche, Thomas"]
[Result "1-0"]
[WhiteElo "1867"]
[BlackElo "1800"]
[PlyCount "43"]
[EventDate "2016.??.??"]
[WhiteTeam "Cluses - St Jeoire"]
[BlackTeam "Echecs Club de Corbas"]

1. d4 b5 2. e4 Bb7 3. Nd2 a6 4. Ngf3 e6 5. a4 b4 6. Bd3 Nf6 7. O-O c5 8. d5
exd5 9. Re1 d4 10. Nc4 Be7 11. e5 Nd5 12. Nd6+ Bxd6 13. exd6+ Kf8 14. Ng5 Nc6
15. Qh5 g6 16. Qh6+ Kg8 17. Bc4 Na5 18. Re7 Qxe7 19. dxe7 Nxc4 20. Ne4 Rc8 21.
Bg5 f5 22. Nxc5 (22. Nf6+ Nxf6 23. Bxf6 Kf7 24. Bxh8 Rxh8 25. Re1) 1-0

[Event "7e Festival de Vaujany 2016 -accession"]
[Site "Vaujany "]
[Date "2016.07.16"]
[Round "6.2"]
[White "Dubois, Herve"]
[Black "Berger, Konogan"]
[Result "1-0"]
[WhiteElo "1863"]
[BlackElo "1800"]
[PlyCount "47"]
[EventDate "2016.??.??"]
[WhiteTeam "Genas Echecs"]
[BlackTeam "A.E.A.A. "]

1. c4 c5 2. Nf3 Nf6 3. Nc3 Nc6 4. g3 g6 5. Bg2 Bg7 6. O-O O-O 7. d4 cxd4 8.
Nxd4 d6 9. Nxc6 bxc6 10. Bxc6 Rb8 11. Bg2 Nd7 12. Qc2 Nc5 13. Re1 Bb7 14. e4
Qd7 15. Be3 Rfd8 16. Rad1 Bxc3 17. Qxc3 Nxe4 18. Bxe4 Bxe4 19. Bh6 e5 20. Rxe4
Qf5 21. Qe3 f6 22. Qxa7 Qd7 23. Qxd7 Rxd7 24. Bc1 1-0

[Event "7e Festival de Vaujany 2016 -accession"]
[Site "Vaujany "]
[Date "2016.07.16"]
[Round "6.3"]
[White "Billotti, Romain"]
[Black "Goyer, Lionel"]
[Result "1-0"]
[WhiteElo "1828"]
[BlackElo "1807"]
[PlyCount "101"]
[EventDate "2016.??.??"]
[WhiteTeam "Club d'Echecs de l'Agglomeration Chamberienne"]
[BlackTeam "Cercle des Echecs de Vichy"]

1. d4 Nf6 2. c4 e6 3. Nf3 b6 4. g3 Bb7 5. Bg2 d6 6. O-O Nbd7 7. Nc3 Be7 8. Re1
O-O 9. e4 e5 10. b3 c6 11. Bb2 Qc7 12. Rc1 Rad8 13. d5 c5 14. Ng5 h6 15. Nh3
Nh7 16. f4 f5 (16... exf4 17. Nxf4 Bf6) 17. exf5 Rxf5 18. Be4 Rff8 19. Bb1 Bc8
20. Ne4 Ndf6 21. Nxf6+ Bxf6 22. Qc2 g5 23. fxe5 Bxe5 24. Qg6+ Qg7 25. Qxg7+
Bxg7 26. Bxh7+ Kxh7 27. Re7 Rg8 28. Nf2 Kg6 29. Bxg7 Rxg7 30. Rce1 Rf7 31. Kg2
a6 32. Re8 Rf8 33. Rxd8 Rxd8 34. Re7 b5 35. Ne4 bxc4 36. bxc4 Bg4 37. Kf2 Rf8+
38. Ke1 Rb8 39. Nxd6 Rb1+ 40. Kd2 Rb2+ 41. Kc3 Rxa2 42. Nb7 Rxh2 43. Nxc5 h5
44. d6 Kf6 45. Ne4+ Kg6 46. d7 Bxd7 47. Rxd7 Kf5 48. Nd2 Rh3 49. Rd5+ Kg4 50.
Ne4 h4 51. Nf2+ 1-0

[Event "7e Festival de Vaujany 2016 -accession"]
[Site "Vaujany "]
[Date "2016.07.16"]
[Round "6.4"]
[White "Terwagne, Bertrand"]
[Black "Roche, Yves"]
[Result "1-0"]
[WhiteElo "1780"]
[BlackElo "1828"]
[PlyCount "85"]
[EventDate "2016.??.??"]
[BlackTeam "Echiquier Grenoblois"]

1. e4 d6 2. d4 g6 3. Nc3 Bg7 4. Be2 Nc6 5. Be3 Nf6 6. h4 h6 7. f4 h5 8. d5 Nb8
9. Nh3 c5 10. Nf2 b6 11. Bb5+ Kf8 12. Be2 Ba6 13. Bd2 Bxe2 14. Nxe2 b5 15. a3
Qb6 16. Bc3 Na6 17. b4 Nd7 18. Qd3 Rc8 19. Rb1 cxb4 20. Bxg7+ Kxg7 21. axb4 Rc4
22. c3 Rhc8 23. Nd1 Nf6 24. Nd4 Ng4 25. Rb3 Nb8 26. Ra3 a6 27. Ne3 Nxe3 28.
Qxe3 Qc7 29. Kd2 Qd7 30. f5 Rg8 31. Rf1 Rxd4+ 32. Qxd4+ f6 33. Qe3 Kf7 34. g3
Qc7 35. Raa1 (35. Rfa1 Qb7 36. Qh6 Nd7 37. Qh7+ Kf8 38. fxg6 Rg7 39. Qh8+ Rg8
40. Qxh5 Ne5 41. Qh6+ Rg7 42. Qh8+ Rg8) 35... Qb7 36. Qh6 Nd7 37. Qh7+ Kf8 38.
fxg6 Rg7 39. Qh8+ Rg8 40. Qxh5 Ne5 41. Qh6+ Rg7 42. Qh8+ Rg8 43. Rxf6+ 1-0

[Event "7e Festival de Vaujany 2016 -accession"]
[Site "Vaujany "]
[Date "2016.07.16"]
[Round "6.5"]
[White "Pierre, Timothee"]
[Black "Grossmann, Brunelle"]
[Result "0-1"]
[WhiteElo "1871"]
[BlackElo "1661"]
[PlyCount "120"]
[EventDate "2016.??.??"]
[WhiteTeam "Echiquier Montelais"]
[BlackTeam "Arsenal"]

1. f4 d5 2. Nf3 c5 3. e3 Nc6 4. Bb5 Bd7 5. b3 Nf6 6. Bb2 a6 7. Bxc6 Bxc6 8. Ne5
g6 9. d3 Bg7 10. Nd2 O-O 11. O-O Qc7 12. Qe1 Nd7 13. Nxc6 Qxc6 14. Bxg7 Kxg7
15. g4 Rae8 16. Qh4 h5 17. g5 f5 18. Nf3 e5 19. Qf2 e4 20. dxe4 dxe4 21. Nh4
Rd8 22. c4 Qe6 23. Rfd1 Nb6 24. Qb2+ Kh7 25. Kf2 Qe7 26. Ke2 Qg7 27. Qxg7+ Kxg7
28. a3 Kf7 29. Ra2 Rxd1 30. Kxd1 Rd8+ 31. Rd2 Rxd2+ 32. Kxd2 Nc8 33. b4 b6 34.
Kc3 a5 35. Kb3 Nd6 36. Ng2 axb4 37. axb4 Ke6 38. Ne1 Kd7 39. Kc3 Ke6 40. Nc2
Kd7 41. Na3 Kc6 42. Kb3 Nc8 43. Nb5 Ne7 44. Nc3 Kd6 45. Ka4 Kc6 46. Ka3 Kc7 47.
Kb3 Kd6 48. Nb5+ Kd7 49. Ka4 Nc6 50. bxc5 bxc5 51. Nc3 Nb4 52. Kb5 Nc2 53. Nd5
Kd6 54. h4 (54. Ka5 Ne1) (54. Ka4 Ne1 55. Kb3 Nf3 56. h3 h4 57. Kc2 Ng1 58. Kd2
Nxh3 59. Ke1 Ng1 60. Kf2 Nf3) 54... Na3+ 55. Ka4 Nxc4 56. Nf6 Nxe3 57. Ne8+ Ke7
58. Nf6 Ng2 59. Kb5 Nxf4 60. Kxc5 e3 0-1

[Event "7e Festival de Vaujany 2016 -accession"]
[Site "Vaujany "]
[Date "2016.07.16"]
[Round "7.8"]
[White "Roche, Yves"]
[Black "Dreyfus, Jacques"]
[Result "1-0"]
[WhiteElo "1828"]
[BlackElo "1601"]
[PlyCount "69"]
[EventDate "2016.??.??"]
[WhiteTeam "Echiquier Grenoblois"]
[BlackTeam "l'Echiquier de La Ville Montreuil"]

1. d4 d5 2. Nf3 Nf6 3. Bg5 e6 4. e3 c6 5. Nbd2 Be7 6. Bd3 Nbd7 7. c3 h6 8. Bh4
O-O 9. Ne5 Nxe5 10. dxe5 Nd7 11. Bg3 f5 12. exf6 Bxf6 13. O-O e5 14. e4 Nb6 (
14... Nc5) 15. Qe2 Re8 16. Rfd1 Na4 17. Nf1 Nc5 18. Bc2 d4 19. cxd4 exd4 20.
Qc4+ Ne6 21. e5 Bg5 $2 (21... Bh4) 22. f4 Bh4 23. f5 $18 Bxg3 24. Nxg3 c5 25.
fxe6 Bxe6 26. Qd3 Bf7 27. Qh7+ Kf8 28. Nf5 Qg5 29. Rf1 Bg8 30. Nxh6+ Ke7 31.
Nxg8+ Rxg8 32. Qe4 Rad8 33. Qxb7+ Rd7 34. Rf7+ Kxf7 35. Qxd7+ 1-0

[Event "7e Festival de Vaujany 2016 -accession"]
[Site "Vaujany "]
[Date "2016.07.21"]
[Round "6.6"]
[White "Stamboulian, Brice"]
[Black "Dreyfus, Jacques"]
[Result "1/2-1/2"]
[WhiteElo "1820"]
[BlackElo "1601"]
[PlyCount "85"]
[EventDate "2016.??.??"]
[WhiteTeam "Echiquier Grenoblois"]
[BlackTeam "l'Echiquier de La Ville Montreuil"]

1. e4 e5 2. Nf3 Nc6 3. Bc4 Nf6 4. d3 Bc5 5. c3 d6 6. O-O Be6 7. Bxe6 fxe6 8.
Re1 Qd7 9. d4 exd4 10. cxd4 Bb4 11. Bd2 Bxd2 12. Qxd2 O-O 13. Nc3 Rae8 14. Rac1
e5 15. d5 Nd8 16. Red1 Nh5 17. Ne2 Nf4 18. Nxf4 Rxf4 19. Ng5 $6 (19. Rc4) 19...
h6 20. Nh3 Rxe4 21. Qc2 Rd4 22. Rxd4 exd4 23. Kh1 c5 24. dxc6 bxc6 25. Qc4+ Ne6
26. Qxc6 Qxc6 27. Rxc6 Nf4 28. Rc1 Nxh3 29. gxh3 Re2 30. Kg2 Rxb2 31. Rc6 Rxa2
32. Rxd6 Ra4 33. Kf3 Kf7 34. Ke4 Ke7 35. Rg6 Kf7 36. Rd6 a5 37. f3 Rb4 38. f4
a4 39. f5 Rb3 40. Rxd4 Rxh3 41. Ke5 Ra3 42. Rd7+ Kf8 43. Ra7 1/2-1/2

[Event "7e Festival de Vaujany 2016 -accession"]
[Site "Vaujany "]
[Date "2016.07.16"]
[Round "6.7"]
[White "Sabatier, Mathis"]
[Black "Lorenter, Patrick"]
[Result "1-0"]
[WhiteElo "1779"]
[BlackElo "1640"]
[PlyCount "43"]
[EventDate "2016.??.??"]
[WhiteTeam "Echecs Club de Corbas"]
[BlackTeam "Cercle d'Echecs de l'Agglomération Annécienne"]

1. d4 d6 2. c4 e5 3. Nf3 exd4 4. Nxd4 g6 5. e4 Bg7 6. Nc3 Nf6 7. Be3 Nbd7 8.
Be2 a6 9. f3 Qe7 10. Qd2 h5 11. Bg5 Qf8 12. O-O-O Bh6 13. h4 Bxg5 14. hxg5 Nh7
15. Nd5 Kd8 16. Qa5 Nb6 17. Nxb6 cxb6 18. Qxb6+ Ke7 19. c5 dxc5 20. Qc7+ Ke8
21. Nc6 Be6 22. Rd8+ 1-0